000 02358cam a2200469 i 4500
999 _c5054
_d5054
001 17513114
003 GZU
005 20210326101350.0
008 121031s2013 enkac b 001 0 eng c
010 _a 2012953003
016 7 _a101606365
_2DNLM
020 _a9781447143628 (alk. paper)
020 _a1447143620 (alk. paper)
020 _z9781447143635 (eBook)
035 _a(OCoLC)ocn844301404
040 _aNLM
_beng
_cNLM
_erda
_dBTCTA
_dUKMGB
_dCDX
_dYDXCP
_dTXI
_dOCLCF
_dOHX
_dZ5A
_dOCLCO
_dDLC
042 _apcc
050 0 0 _aRD97
_b.ADV 2013
245 0 0 _aAdventure and extreme sports injuries :
_bepidemiology, treatment, rehabilitation and prevention /
_cOmer Mei-Dan, Michael R. Carmont, editors.
264 1 _aLondon ;
_aNew York :
_bSpringer,
_c[2013]
300 _axvi, 371 pages :
_bcolor illustrations, color portraits ;
_c24 cm
336 _atext
_btxt
_2rdacontent
337 _aunmediated
_bn
_2rdamedia
338 _avolume
_bnc
_2rdacarrier
504 _aIncludes bibliographical references and index.
505 0 _aThe management of the extreme sports athlete -- Rock and ice climbing -- Alpine skiing and snowboarding injuries -- Skydiving -- BASE jumping -- Whitewater canoeing and rafting -- Surfing injuries -- Kite surfing and snow kiting -- Windsurfing -- Sailing and yachting -- Mountain biking injuries -- Paragliding -- Mountain, sky, and endurance running -- Personality characteristics in extreme sports athletes : morbidity and mortality in mountaineering and BASE jumping -- Endocrine aspects and responses to extreme sports -- Preventing injuries in extreme sports athletes -- Rehabilitation of extreme sports injuries.
650 0 _aSports injuries.
650 0 _aSports injuries
_xTreatment.
650 0 _aSports injuries
_xPrevention.
650 0 _aSports emergencies.
650 1 2 _aAthletic Injuries.
650 2 2 _aSafety Management.
650 7 _aSports emergencies.
_2fast
_0(OCoLC)fst01742357
650 7 _aSports injuries.
_2fast
_0(OCoLC)fst01130688
650 7 _aSports injuries
_xPrevention.
_2fast
_0(OCoLC)fst01130693
650 7 _aSports injuries
_xTreatment.
_2fast
_0(OCoLC)fst01130695
700 1 _aMei-Dan, Omer,
_eeditor.
700 1 _aCarmont, Michael R.,
_eeditor.
856 _u10.1007/978-1-4471-4363-5
906 _a7
_bcbc
_cpccadap
_d2
_eepcn
_f20
_gy-gencatlg
942 _2lcc
_cBK
_h97
_iADV
_kRD